000 00466nam a2200193Ia 4500
005 20250923144330.0
008 008 250917s9999 xx 000 0 eng d
037 _aTextual
040 _aDSWL
_beng
_cDSWL
041 _aeng
_2eng
084 _aL:4:697y5, H1
_qDSWL
245 0 _aCatechism of first aid
260 _c1941
300 _a84 p.
365 _aINR
_b6
925 _g6
942 _cTEXL
_hL:4:697y5, H1
999 _c1437554
_d1437554